Hard Flags - Statistics

General Stats
  • This quiz has been taken 75 times
    7 since last reset
  • The average score is 38 of 55
Answer Stats
Picture Answer % Correct
Andorra
100%
Angola
100%
Bhutan
100%
Brunei
100%
Cape Verde
100%
Chad
100%
Dominica
100%
Jordan
100%
Kiribati
100%
Nicaragua
100%
Romania
100%
Sri Lanka
100%
St. Lucia
100%
Tonga
100%
Zambia
100%
Antigua and Barbuda
80%
Central African Republic
80%
Djibouti
80%
Eswatini
80%
Ethiopia
80%
Fiji
80%
Liberia
80%
Moldova
80%
Mozambique
80%
Nauru
80%
Papua New Guinea
80%
Sao Tome & Principe
80%
Sudan
80%
Tajikistan
80%
Trinidad & Tobago
80%
Benin
60%
Burundi
60%
Comoros
60%
East Timor
60%
El Salvador
60%
Grenada
60%
Malawi
60%
Mongolia
60%
Namibia
60%
Samoa
60%
South Sudan
60%
Tuvalu
60%
Vanuatu
60%
Belize
40%
Equatorial Guinea
40%
Eritrea
40%
Guinea
40%
Guyana
40%
Marshall Islands
40%
Rep. of the Congo
40%
Guinea-Bissau
20%
Solomon Islands
20%
St. Kitts & Nevis
20%
St. Vincent and the Grenadines
20%
Mauritius
0%
No matching quizzes found
Score Distribution
Percent of People with Each Score
Percentile by Number Answered
Your Score History
You have not taken this quiz since the last reset